| 000 | 00374nam a22001577a 4500 | ||
|---|---|---|---|
| 005 | 20260413170052.0 | ||
| 008 | 160622b xxu||||| |||| 00| 0 eng d | ||
| 041 | _aeng | ||
| 082 | _a158.7 | ||
| 100 |
_aGhanekar, Dr Mrs Anjali _92300 |
||
| 245 | _aIndustrial Psychology | ||
| 260 |
_bEPH _c1994 |
||
| 300 | _a134 | ||
| 650 |
_aorganizational psychology _99002 |
||
| 942 | _cBK | ||
| 999 |
_c3478 _d3477 |
||